90's Sitcoms - Statistics

General Stats
  • This quiz has been taken 258 times
  • The average score is 14 of 37
Answer Stats
Main Character Sitcom % Correct
Phoebe Buffay Friends
93%
Carlton Banks Fresh Prince of Bel Air
87%
George Costanza Seinfeld
83%
Fran Fine The Nanny
77%
Danny Tanner Full House
76%
Steven Urkel Family Matters
73%
Al Bundy Married With Children
73%
Dan Conner Roseanne
71%
Zack Morris Saved By The Bell
70%
Cory Matthews Boy Meets World
68%
Eric Foreman That '70s Show
63%
Carrie Bradshaw Sex and the City
62%
Sam Malone Cheers
60%
Debra Barone Everybody Loves Raymond
60%
Doug Heffernan King of Queens
48%
Randall William Taylor Home Improvement
42%
Tia Landry Sister, Sister
38%
Karen Walker Will and Grace
38%
Mimi Bobeck The Drew Carey Show
35%
Six Lemeure Blossom
27%
Carol Foster-Lambert Step by Step
26%
Caroline Duffy Caroline in the City
23%
Dick Solomon 3rd Rock From The Sun
19%
Jamie Buchman Mad About You
18%
Grace Kelly Grace Under Fire
13%
Hal Malcolm in the Middle
13%
George Henderson Harry and the Hendersons
10%
Maya Gallo Just Shoot Me!
10%
Mike Flaherty Spin City
9%
Susan Keane Suddenly Susan
9%
Regina Waters-Payne Martin
8%
Kitty Montgomery Dharma and Greg
5%
Jim Dial Murphy Brown
4%
Paige Clarke Ellen
3%
David Nelson NewsRadio
2%
Ned Dorsey Ned and Stacey
1%
Margaret Wyborn Becker
0%
No matching quizzes found
Score Distribution
Percent of People with Each Score
Percentile by Number Answered
Your Score History
You have not taken this quiz